MARC details
| 000 -CABECERA |
| campo de control de longitud fija |
01569nam a2200253 a 4500 |
| 001 - NÚMERO DE CONTROL |
| campo de control |
000028500 |
| 005 - FECHA Y HORA DE LA ÚLTIMA TRANSACCIÓN |
| campo de control |
20240229073821.0 |
| 008 - DATOS DE LONGITUD FIJA--INFORMACIÓN GENERAL |
| campo de control de longitud fija |
110408s2006 dr f000 0 spa d |
| 040 ## - FUENTE DE LA CATALOGACIÓN |
| Centro catalogador/agencia de origen |
DO-SdBNP |
| Lengua de catalogación |
spa |
| Centro/agencia transcriptor |
BNPHU |
| 082 ## - NÚMERO DE LA CLASIFICACIÓN DECIMAL DEWEY |
| Número de clasificación |
342.729302 |
| Número de documento/Ítem |
R426c, 2006 |
| 110 1# - ENTRADA PRINCIPAL--NOMBRE DE ENTIDAD CORPORATIVA |
| Nombre de entidad corporativa o nombre de jurisdicción como elemento de entrada |
República Dominicana. |
| 9 (RLIN) |
447 |
| 240 10 - TÍTULO UNIFORME |
| Título uniforme |
Constitución (1844) |
| 245 13 - MENCIÓN DE TÍTULO |
| Título |
La constitución de la República Dominicana : |
| Resto del título |
comentada por los jueces del Poder Judicial / |
| Mención de responsabilidad, etc. |
presentación Jorge A. Subero Isa. |
| 260 ## - PUBLICACIÓN, DISTRIBUCIÓN, ETC. |
| Lugar de publicación, distribución, etc. |
Santo Domingo : |
| Nombre del editor, distribuidor, etc. |
Suprema Corte de Justicia, |
| Fecha de publicación, distribución, etc. |
2006. |
| 300 ## - DESCRIPCIÓN FÍSICA |
| Extensión |
883 p. ; |
| Dimensiones |
24 cm. |
| 504 ## - NOTA DE BIBLIOGRAFÍA, ETC. |
| Nota de bibliografía, etc. |
Incluye bibliografía y notas al pie de páginas. |
| 505 0# - NOTA DE CONTENIDO CON FORMATO |
| Información miscelánea |
Presentación / |
| Mención de responsabilidad |
Jorge A. Subero Isa -- |
| Título |
De la Nación, de su soberanía y de su gobierno -- |
| -- |
Del Territorio -- |
| -- |
Del régimen económico y social fronterizo -- |
| -- |
De los derechos individuales y sociales -- |
| -- |
De los deberes -- |
| -- |
Derechos políticos -- |
| -- |
Del Poder Ejecutivo -- |
| -- |
De la Cámara de Cuentas -- |
| -- |
Del Distrito Nacional y de los municipios -- |
| -- |
Del régimen de las provincias -- |
| -- |
De las Asambleas electorales -- |
| -- |
De las Fuerzas Armadas -- |
| Información miscelánea |
Disposiciones generales -- |
| Título |
De las Reformas Constitucionales -- |
| Información miscelánea |
Anexos: |
| Título |
Constitución de la República -- |
| Información miscelánea |
Autores. |
| 590 ## - NOTA LOCAL (RLIN) |
| Nota local |
Inventariado, 2018/ YL |
| 651 #4 - PUNTO DE ACCESO ADICIONAL DE MATERIA--NOMBRE GEOGRÁFICO |
| Nombre geográfico |
República Dominicana |
| Subdivisión general |
Constitución (1844{Rpara} |
| 9 (RLIN) |
35555 |
| 651 #4 - PUNTO DE ACCESO ADICIONAL DE MATERIA--NOMBRE GEOGRÁFICO |
| Nombre geográfico |
República Dominicana |
| Subdivisión general |
Derecho Constitucional |
| 9 (RLIN) |
9303 |
| 700 12 - PUNTO DE ACCESO ADICIONAL--NOMBRE DE PERSONA |
| Nombre de persona |
Subero Isa, Jorge A., |
| Fechas asociadas al nombre |
1947- |
| Término indicativo de función/relación |
present. |
| 9 (RLIN) |
76863 |
| 710 2# - PUNTO DE ACCESO ADICIONAL--NOMBRE DE ENTIDAD CORPORATIVA |
| Nombre de entidad corporativa o nombre de jurisdicción como elemento de entrada |
República Dominicana. |
| Unidad subordinada |
Suprema Corte de Justicia. |
| 9 (RLIN) |
7906 |
| 910 ## - DATOS DE OPCIÓN DEL USUARIO (OCLC) |
| Datos de opción del usuario |
Validado. Control de calidad EMS |